<?xml version="1.0" encoding="UTF-8"?>
<record
    xmlns:xsi="http://www.w3.org/2001/XMLSchema-instance"
    xsi:schemaLocation="http://www.loc.gov/MARC21/slim http://www.loc.gov/standards/marcxml/schema/MARC21slim.xsd"
    xmlns="http://www.loc.gov/MARC21/slim">

  <leader>00754nac a22002531ca4500</leader>
  <controlfield tag="001">a987687955</controlfield>
  <controlfield tag="008">991231m19962000gw ||||        000u rus d</controlfield>
  <datafield tag="020" ind1=" " ind2=" ">
    <subfield code="a">5860040660</subfield>
    <subfield code="9">5-86004-066-0</subfield>
  </datafield>
  <datafield tag="041" ind1=" " ind2=" ">
    <subfield code="a">rus</subfield>
  </datafield>
  <datafield tag="110" ind1="0" ind2=" ">
    <subfield code="a">Sojuz Semnadcatogo Oktjabrja</subfield>
  </datafield>
  <datafield tag="245" ind1="0" ind2="0">
    <subfield code="a">Partija "Sojuz 17 oktjabrja" :</subfield>
    <subfield code="b">Protokoly s'ezdov i zasedanij CK ;</subfield>
  </datafield>
  <datafield tag="264" ind1=" " ind2=" ">
    <subfield code="a">Moskva :</subfield>
    <subfield code="b">ROSSPEN,</subfield>
    <subfield code="c">1996-2000</subfield>
  </datafield>
  <datafield tag="648" ind1=" " ind2="0">
    <subfield code="a">&lt;1905-1915&gt;</subfield>
  </datafield>
  <datafield tag="650" ind1=" " ind2="0">
    <subfield code="a">Oktobristen</subfield>
  </datafield>
  <datafield tag="650" ind1=" " ind2="0">
    <subfield code="a">Politische Parteien</subfield>
  </datafield>
  <datafield tag="655" ind1=" " ind2="0">
    <subfield code="a">Quelle</subfield>
  </datafield>
  <datafield tag="700" ind1="1" ind2=" ">
    <subfield code="a">Pavlov, Dmitrij B.</subfield>
    <subfield code="e">HerausgeberIn</subfield>
  </datafield>
  <datafield tag="910" ind1="0" ind2="0">
    <subfield code="a">B&#xE4;nde 1-2</subfield>
  </datafield>
  <datafield tag="942" ind1=" " ind2=" ">
    <subfield code="c">MG</subfield>
  </datafield>
  <datafield tag="040" ind1=" " ind2=" ">
    <subfield code="c">RU-10907106</subfield>
  </datafield>
  <controlfield tag="003">RU-10907106</controlfield>
  <datafield tag="999" ind1=" " ind2=" ">
    <subfield code="c">13049</subfield>
    <subfield code="d">13049</subfield>
  </datafield>
  <datafield tag="490" ind1=" " ind2="0">
    <subfield code="a">Politi&#x10D;eskie partii Rossii : konec XIX - pervaja tret' XX veka</subfield>
    <subfield code="v">dokumental'noe nasledie</subfield>
  </datafield>
  <datafield tag="952" ind1=" " ind2=" ">
    <subfield code="0">0</subfield>
    <subfield code="1">0</subfield>
    <subfield code="4">0</subfield>
    <subfield code="7">0</subfield>
    <subfield code="a">DHIM</subfield>
    <subfield code="b">DHIM</subfield>
    <subfield code="c">GEN-2</subfield>
    <subfield code="d">2021-03-22</subfield>
    <subfield code="h">B&#xE4;nde 1-2</subfield>
    <subfield code="i">17-03393 Ersatz&#xDF; 2 B&#xE4;nde</subfield>
    <subfield code="o">R 55 ej Pav 1 (Bd.)</subfield>
    <subfield code="p">13052</subfield>
    <subfield code="r">2021-02-23 00:00:00</subfield>
    <subfield code="w">2021-03-22</subfield>
    <subfield code="y">MG</subfield>
  </datafield>
</record>
